Uma carta do pequeno anjo da guarda (Registo nº 4055)
[ vista simples ]
| 000 -Etiqueta do registo | |
|---|---|
| Cabeçalho | 00703nam0a2200241 4500 |
| 005 - Identificador da versão | |
| Campo de controlo | 20240813122051.0 |
| 010 ## - Número internacional normalizado dos livros (ISBN) | |
| Número (ISBN) | 9727123635 |
| 021 ## - Número do Depósito Legal | |
| Código do país | PT |
| Número | 216995/04 |
| 100 ## - Dados gerais de processamento | |
| Dados gerais de processamento | 20181113d2004 dc y0pory5003 ba |
| 102 ## - Pais de publicação ou produção | |
| País de publicação | Portugal |
| 101 1# - Língua de publicação | |
| Língua do texto, banda sonora, etc. | Português |
| Língua do documento no original | Dinamarquês |
| 215 ## - Descrição física | |
| Indicação específica da natureza do documento e extensão da espécie | [28] p. |
| Outras indicações físicas | il. color |
| 200 1# - Titulo e menção de responsabilidade | |
| Título próprio | Uma carta do pequeno anjo da guarda |
| Primeira menção de responsabilidade | Jutta Langreuter |
| Outras menções de responsabilidade | il. Andrea Hebrock |
| 210 ## - Publicação, Distribuição, etc. | |
| Lugar da edição, distribuição, etc. | Maia |
| Nome do editor, distribuidor, etc. | Ed. Nova Gaia |
| Data da publicação, distribuição, etc. | cop. 2004 |
| 606 ## - Nome comum usado como assunto | |
| Número de registo de entrada de autoridade | 0001334 |
| Palavra de ordem | Literatura dinamarquesa |
| Subdivisão de assunto | Conto |
| Código do sistema | CA |
| 675 ## - Classificação Decimal Universal (CDU) | |
| Notação | 821.113.4-34 |
| Edição | 3ª ed. |
| Língua da edição | por |
| 702 #1 - Nome de autor-pessoa física (responsabilidade secundária) | |
| Número de registo de entrada de autoridade | 0000570 |
| Palavra de ordem | Hebrock |
| Outra parte do nome não tomada para palavra de ordem | Andrea |
| Código de função | Ilustrador / Técnico de desenho computorizado |
| 700 #1 - Nome de autor-pessoa física (responsabilidade principal) | |
| Número de registo de entrada de autoridade | 0000569 |
| Palavra de ordem | Langreuter |
| Outra parte do nome não tomada para palavra de ordem | Jutta |
| 966 ## - Identificação da Biblioteca | |
| Sigla | EBVEN |
| 942 ## - Elementos de entrada adicionados (Koha) | |
| Tipo de item no Koha | Livro |
| Situação do levantamento | Origin of item (home branch) (coded) | Biblioteca de empréstimo | Código de barras | Cota | Circulation type (not for loan) | Tipo de documento | Nota do exemplar | Damaged status |
|---|---|---|---|---|---|---|---|---|
| Biblioteca Escolar das Vendas | Biblioteca Escolar das Vendas | BEV986 | 8EST LAN | Livro | Sem mensagem |
